警察官の階級 - Statistics

General Stats
  • This quiz has been taken 12 times
  • The average score is 8 of 9
Answer Stats
階級名 % Correct
警視
100%
巡査
100%
警視総監
92%
警部
92%
警視正
83%
警部補
83%
巡査部長
83%
警視長
75%
警視監
58%
No matching quizzes found
Score Distribution
Percent of People with Each Score
Percentile by Number Answered
Your Score History
You have not taken this quiz